Norma Chilena Oficial NCh 1079. Of 77
Saved in:
| Corporate Authors: | , |
|---|---|
| Format: | Bog |
| Sprog: | spansk |
| Udgivet: |
Santiago
INN
1977
|
| Fag: | |
| Tags: |
Tilføj Tag
Ingen Tags, Vær først til at tagge denne postø!
|
MARC
| LEADER | 00000nam a2200000 a 4500 | ||
|---|---|---|---|
| 001 | UCJ2287 | ||
| 003 | CL-VaPUC | ||
| 008 | 061207e19770000CL |||||||||||||||||spa|d | ||
| 082 | 0 | 4 | |a 720.47 |b INS |2 21 |
| 110 | 2 | |a Instituto Nacional de Normalización |e author |9 503277 | |
| 710 | 2 | |a INN |e author |9 503278 | |
| 245 | 1 | 0 | |a Norma Chilena Oficial NCh 1079. Of 77 |
| 246 | 1 | 0 | |a Arquitectura y construcción - zonificación climático habitacional para Chile y recomendaciones para el diseño arquitectónico |
| 300 | |a 15 p | ||
| 942 | |c BK | ||
| 945 | |d 20061207 00:00:00 |a cmena | ||
| 260 | |a Santiago |b INN |c 1977 | ||
| 650 | 0 | |a Diseño arquitectónico |9 265271 | |
| 650 | 0 | |a Zonas climáticas |9 360336 | |
| 650 | 0 | |a Diseño y construcción |9 260862 | |
| 651 | 7 | |a CHILE |2 CL-VaPUC |9 503279 | |
| 583 | |a last modification |c 20061207 00:00:00 |k Rodrigo Vera | ||
| 999 | |c 318635 |d 318633 | ||
| 952 | |0 0 |1 0 |4 0 |6 720_470000000000000_INS_1977 |7 0 |8 A |9 396582 |a BIBARQ |b BIBARQ |d 2019-11-22 |i 4295900 |o 720.47 INS 1977 |p 4295900 |r 2025-01-20 |w 2019-11-22 |y BK |k ARQ | ||